000 01060naa a22002897a 4500
001 BR8801804
003 BR-BrBNA
005 20240918175958.0
007 ta
008 230509b bl.||||| |||| 00| 0 por d
040 _aBR-BrBNA
_bpor
_cBiblioteca Nacional de Agricultura
041 _a(Pt)
072 _aS40
_b/G514
090 _aS40 BR8801804
100 1 _aSilva, M.V. da
100 1 _aStorion, G.L.
111 1 _a8. Congresso Brasileiro de Economia Domestica
_cRecife, PE (Brazil)
_d22-26 Jul 1985
245 1 _aMunicipalizacao do Programa de Merenda Escolar em Piracicaba - Sao Paulo
260 3 _aRecife, PE (Brasil):
_c1985.
500 _aAnais do 8. Congresso Brasileiro de Economia Domestica Recife, PE (Brasil): 1985. p. 163-164 (BR8801804-AM)S40
650 _aSUPLEMENTO ALIMENTAR
650 _aPROJETO DE DESENVOLVIMENTO
650 _aCRIANCA
773 0 _tAnais do 8. Congresso Brasileiro de Economia Domestica
_wS40 BR8801804
_gRecife, PE (Brasil), 1985. p. 163-164
909 _a202404
_bLucia
_c55
_dLucia Elande
942 _cAM
_2AGRIS
999 _c319087
_d319087